Online
Catalog

La vida de Juan Francisco García / (Record no. 33721)

MARC details
000 -CABECERA
campo de control de longitud fija 01489nam a2200337 i 4500
001 - NÚMERO DE CONTROL
campo de control 000034230
003 - IDENTIFICADOR DEL NÚMERO DE CONTROL
campo de control DO-SdBNP
005 - FECHA Y HORA DE LA ÚLTIMA TRANSACCIÓN
campo de control 20250924073803.0
006 - CÓDIGOS DE INFORMACIÓN DE LONGITUD FIJA--CARACTERÍSTICAS DEL MATERIAL ADICIONAL
campo de control de longitud fija a||||gr|||| 00| 0
007 - CAMPO FIJO DE DESCRIPCIÓN FÍSICA--INFORMACIÓN GENERAL
campo de control de longitud fija ta
008 - DATOS DE LONGITUD FIJA--INFORMACIÓN GENERAL
campo de control de longitud fija 110928t1986 dr 000 0 spa d
040 ## - FUENTE DE LA CATALOGACIÓN
Centro catalogador/agencia de origen DO-SdBNP
Lengua de catalogación spa
Centro/agencia transcriptor BNPHU
Normas de descripción rda
082 ## - NÚMERO DE LA CLASIFICACIÓN DECIMAL DEWEY
Número de edición 22
Número de documento/Ítem G216v
100 1# - ENTRADA PRINCIPAL--NOMBRE DE PERSONA
Nombre de persona García, Juan Francisco,
Fechas asociadas al nombre 1892-1974
9 (RLIN) 58705
Término indicativo de función/relación autor
245 13 - MENCIÓN DE TÍTULO
Título La vida de Juan Francisco García /
Mención de responsabilidad, etc. Juan Francisco García.
260 ## - PUBLICACIÓN, DISTRIBUCIÓN, ETC.
Lugar de publicación, distribución, etc. Santo Domingo :
Nombre del editor, distribuidor, etc. Universitaria-UASD,
Fecha de publicación, distribución, etc. 1986.
264 #4 - PRODUCCIÓN, PUBLICACIÓN, DISTRIBUCIÓN, FABRICACIÓN Y COPYRIGHT
Producción, publicación, distribución, fabricación y copyright Santo Domingo :
Nombre del de productor, editor, distribuidor, fabricante Universitaria -UASD,
Fecha de producción, publicación, distribución, fabricación o copyright 1986
300 ## - DESCRIPCIÓN FÍSICA
Extensión 47 páginas ;
Dimensiones 21 cm.
336 ## - TIPO DE CONTENIDO
Fuente rdacontent
Término de tipo de contenido texto
Código de tipo de contenido txt
337 ## - TIPO DE MEDIO
Fuente rdamedia
Nombre/término del tipo de medio sinmediación
Código del tipo de medio n
338 ## - TIPO DE SOPORTE
Fuente rdacarrier
Nombre/término del tipo de soporte volumen
Código del tipo de soporte nc
500 ## - NOTA GENERAL
Nota general Incluye catálogo.
505 0# - NOTA DE CONTENIDO CON FORMATO
Título Datos autobiográficos --
-- Juan Francisco García y su obra /
Mención de responsabilidad Bernarda Jorge --
Título Panegírico a la muerte del Maestro Juan Francisco García /
Mención de responsabilidad Manuel Rueda G. --
Título El legado de Juan Francisco García /
Mención de responsabilidad Aída Bonnelly de Díaz --
Título Homenaje: El último viaje de Pancho García /
Mención de responsabilidad Enrique de Marchena Dujarric --
Título Juan Francisco García: cronología --
-- Catálogo orquestales.
590 ## - NOTA LOCAL (RLIN)
Nota local Inventariado 2024 / MF
650 #4 - PUNTO DE ACCESO ADICIONAL DE MATERIA--TÉRMINO DE MATERIA
Término de materia o nombre geográfico como elemento de entrada Músicos dominicanos
9 (RLIN) 16091
650 #4 - PUNTO DE ACCESO ADICIONAL DE MATERIA--TÉRMINO DE MATERIA
Término de materia o nombre geográfico como elemento de entrada Compositores
9 (RLIN) 46382
650 #4 - PUNTO DE ACCESO ADICIONAL DE MATERIA--TÉRMINO DE MATERIA
Término de materia o nombre geográfico como elemento de entrada Musica dominicana
Subdivisión general Biobibliografías
9 (RLIN) 59649
830 ## - PUNTO DE ACCESO ADICIONAL DE SERIE-TÍTULO UNIFORME
Título uniforme Publicaciones de la Universidad Autónoma de Santo Domingo
Designación de volumen o secuencia volumen 409
9 (RLIN) 52
910 ## - DATOS DE OPCIÓN DEL USUARIO (OCLC)
Datos de opción del usuario Validado. Control de calidad EMS
942 ## - ELEMENTOS DE PUNTO DE ACCESO ADICIONAL (KOHA)
Fuente del sistema de clasificación o colocación Dewey Decimal Classification
Tipo de ítem Koha Folleto
Holdings
Estado de retiro Estado de pérdida Restricciones de uso No para préstamo Código de colección Localización permanente Ubicación/localización actual Ubicación en estantería Fecha de adquisición Número de inventario Total de préstamos Signatura topográfica completa Código de barras Fecha visto por última vez Número de copia Precio válido a partir de Tipo de ítem Koha Fuente del sistema de clasificación o colocación Fuente de adquisición
    Excluido de préstamo   Patrimonio Dominicano Biblioteca Nacional Pedro Henríquez Ureña Biblioteca Nacional Pedro Henríquez Ureña Depósito 19.02.1987     F-RD 97 G216v 34230-10 25.06.2020   25.06.2020 Folleto Dewey Decimal Classification Depósito Legal
    Excluido de préstamo   Patrimonio Dominicano Biblioteca Nacional Pedro Henríquez Ureña Biblioteca Nacional Pedro Henríquez Ureña Depósito 22.11.2011     G216v 34230-20 25.06.2020 e. 2 25.06.2020 Folleto Dewey Decimal Classification  
    Préstamo en sala   Dominicana de Servicio Biblioteca Nacional Pedro Henríquez Ureña Biblioteca Nacional Pedro Henríquez Ureña En catalogación 19.05.2022     G216v 2024-0750 07.02.2024 e.4 07.02.2024 Folleto Dewey Decimal Classification Donado por Ubi Rivas
      Préstamo restrigido Dominicana de Servicio General General En encuadernación 17.04.2012 LF1   F-RD 97 G216v 34230-30 25.06.2020 e. 3 25.06.2020 Libro y Folleto Colección Dominicana de Servicio    

Powered by Koha